000
00320nam a2200145Ia 4500
008
150201s2009 xx 000 0 und d
082
_a
611
_b
H09F
100
_a
FARUQI,NA
245
_a
HUMAN OSTEOLOGY
250
_a
2ND
260
_b
CBS
_a
DELHI
_c
2009
300
_a
1-478
650
_a
HUMAN ANATOMY
942
_2
ddc
_c
BK
_0
1
999
_c
559
_d
559